| 000 | 00519nam a22001817a 4500 | ||
|---|---|---|---|
| 999 |
_c166365 _d166365 |
||
| 005 | 20190722143940.0 | ||
| 010 | _aENG-126038 | ||
| 020 |
_a9789386473554 _c750.00 |
||
| 035 | _aEN-109570 | ||
| 037 | _bDBAD/PUB | ||
| 082 | _a796.4 | ||
| 100 | _aLakshmi Kumar | ||
| 245 |
_aMind muscle moksha / _cby Lakshmi Kumar |
||
| 260 |
_aNew Delhi _bVitasta Publishing _c2019 |
||
| 270 |
_a2/15, Ansari Road _bDaryaganj, New Delhi _e110002 |
||
| 300 |
_axxv,238p. _c22cm(pbk) |
||
| 942 |
_2ddc _cEN _h796.4 _mLAK |
||